Сверхширокополостный транзисторный усилитель СВЧ; Схемотехника; № 4

Λεπτομέρειες βιβλιογραφικής εγγραφής
Parent link:Схемотехника: научно-технический журнал.— , 2002-2007
№ 4.— 2003.— С. 22-23
Κύριος συγγραφέας: Юбков А.
Γλώσσα:Ρωσικά
Έκδοση: 2003
Σειρά:КВ/УКВ
Θέματα:
Μορφή: Κεφάλαιο βιβλίου
KOHA link:https://koha.lib.tpu.ru/cgi-bin/koha/opac-detail.pl?biblionumber=388383

MARC

LEADER 00000naa2a2200000 4500
001 388383
005 20231101063734.0
035 |a (RuTPU)RU\TPU\prd\19510 
090 |a 388383 
100 |a 20031112a2003 k y0rusy50 ca 
101 0 |a rus 
102 |a RU 
200 1 |a Сверхширокополостный транзисторный усилитель СВЧ  |f А. Юбков 
225 1 |a КВ/УКВ 
320 |a Библиогр.: 4 назв. 
461 1 |0 (RuTPU)RU\TPU\prd\2494  |t Схемотехника  |o научно-технический журнал  |d 2002-2007 
463 1 |0 (RuTPU)RU\TPU\prd\18869  |t № 4  |v С. 22-23  |d 2003 
610 1 |a транзисторные усилители 
610 1 |a усилитель СВЧ 
610 1 |a сверхвысокочастотные сигналы 
700 1 |a Юбков  |b А. 
801 1 |a RU  |b 63413507  |c 20031112  |g PSBO 
801 2 |a RU  |b 63413507  |c 20131218  |g RCR 
942 |c BK